| 000 | 00388nam a22001457a 4500 | ||
|---|---|---|---|
| 020 |
_a9788131722824 _qPB |
||
| 040 |
_cNUST _dNUST |
||
| 082 |
_a005.133 _bLAF |
||
| 100 |
_aLafore , Robert _910251 |
||
| 245 |
_aObject -Oriented Programming in C++ \ _c Robert Lafore . |
||
| 250 | _a4th ed. | ||
| 260 |
_aNew Delhi , ; _bPearson , _c2018. |
||
| 300 |
_a1012 p. ; _b23 cm. |
||
| 942 |
_2ddc _cBK |
||
| 999 |
_c527592 _d527592 |
||